<?xml version="1.0" encoding="UTF-8"?>
<record
    xmlns:xsi="http://www.w3.org/2001/XMLSchema-instance"
    xsi:schemaLocation="http://www.loc.gov/MARC21/slim http://www.loc.gov/standards/marcxml/schema/MARC21slim.xsd"
    xmlns="http://www.loc.gov/MARC21/slim">

  <leader>00582nam a22001817a 4500</leader>
  <controlfield tag="005">20231027122807.0</controlfield>
  <controlfield tag="008">231027b        |||||||| |||| 00| 0 eng d</controlfield>
  <datafield tag="020" ind1=" " ind2=" ">
    <subfield code="a">1556815395</subfield>
  </datafield>
  <datafield tag="041" ind1=" " ind2=" ">
    <subfield code="a">English</subfield>
  </datafield>
  <datafield tag="082" ind1=" " ind2=" ">
    <subfield code="a">347.7 LUB</subfield>
  </datafield>
  <datafield tag="100" ind1=" " ind2=" ">
    <subfield code="a">Lubet, S</subfield>
    <subfield code="l">English </subfield>
  </datafield>
  <datafield tag="245" ind1=" " ind2=" ">
    <subfield code="a">Modern Trail Advocacy : </subfield>
    <subfield code="b">Analysis and Practice / </subfield>
    <subfield code="c">S Lubet </subfield>
  </datafield>
  <datafield tag="250" ind1=" " ind2=" ">
    <subfield code="a">Second Edition </subfield>
  </datafield>
  <datafield tag="260" ind1=" " ind2=" ">
    <subfield code="a">United States of America : </subfield>
    <subfield code="b">National Institute for Trail Advocacy, </subfield>
    <subfield code="c">1997</subfield>
  </datafield>
  <datafield tag="300" ind1=" " ind2=" ">
    <subfield code="b">xxxviii, 538 pages ;</subfield>
    <subfield code="c">26 cm. </subfield>
  </datafield>
  <datafield tag="650" ind1=" " ind2=" ">
    <subfield code="a">Legal practice </subfield>
    <subfield code="b">Law</subfield>
  </datafield>
  <datafield tag="942" ind1=" " ind2=" ">
    <subfield code="c">BK</subfield>
    <subfield code="6">ALISON_BN_VRIES</subfield>
  </datafield>
  <datafield tag="999" ind1=" " ind2=" ">
    <subfield code="c">117</subfield>
    <subfield code="d">117</subfield>
  </datafield>
  <datafield tag="952" ind1=" " ind2=" ">
    <subfield code="0">0</subfield>
    <subfield code="1">0</subfield>
    <subfield code="2">ddc</subfield>
    <subfield code="4">0</subfield>
    <subfield code="6">347_700000000000000_LUB</subfield>
    <subfield code="7">0</subfield>
    <subfield code="8">TXBK</subfield>
    <subfield code="9">172</subfield>
    <subfield code="a">LSN</subfield>
    <subfield code="b">LSN</subfield>
    <subfield code="c">EL</subfield>
    <subfield code="d">2023-10-27</subfield>
    <subfield code="l">1</subfield>
    <subfield code="o">347.7 LUB</subfield>
    <subfield code="p">LSN/2003/17</subfield>
    <subfield code="r">2026-02-06 08:47:14</subfield>
    <subfield code="s">2026-02-02</subfield>
    <subfield code="w">2023-10-27</subfield>
    <subfield code="y">BK</subfield>
  </datafield>
</record>
